All BTS Members In One Minute - Statistics

General Stats
  • This quiz has been taken 60 times
  • The average score is 7 of 7
Answer Stats
Answer % Correct
Jungkook
100%
Jimin
98%
Suga
98%
V
96%
Jhope
94%
Jin
94%
Rm
94%
No matching quizzes found
Score Distribution
Percent of People with Each Score
Percentile by Number Answered
Your Score History
You have not taken this quiz